| 000 | 005610000a22001690004500 | ||
|---|---|---|---|
| 090 |
_aAR _b00340 |
||
| 245 | 1 | 0 | _aNeotropical stopover sites and middle American migrations: the view from southern Mexico |
| 650 | 1 | 4 |
_aAves _992429 |
| 650 | 1 | 4 |
_aMigraciones de aves _993017 |
| 650 | 1 | 4 |
_aBiogeografía _992747 |
| 650 | 1 | 4 |
_aHabitat animal _993094 |
| 651 | 4 |
_pMéxico _992749 |
|
| 041 | 0 | _aInglés | |
| 100 | 1 |
_aWinker, Kevin _993131 |
|
| 942 | _cARTICULO | ||
| 773 | 1 |
_tSimposio Taller Conservación de las aves Migratorias Neotropicales en Mexico _3141 _q150-163 _d1995 |
|
| 999 |
_c9438 _d9438 |
||